000 00596nam a2200193Ia 4500
008 090124s9999 xx 000 0 und d
082 _b29499
_a1848
100 _aघोष जयंती
245 _a व्यवसा. मार्गदर्शक
250 _a1
260 _c1998
300 _a326
600 _aघोष जयंती
630 _a व्यवसा. मार्गदर्शक
700 _aघोष जयंती
700 _aकिणीकर मीना
730 _a व्यवसा. मार्गदर्शक
942 _cBOOK
999 _c142981
_d142981